000 00215 a2200085 4500
020 _a9788190409681
100 _aJAY THAKUR
245 _aPRATHAA: KATH-KHUNI ARCHITECTURE OF HIMACHAL PRADESH
260 _bSID RESEARCH CELL
999 _c13057
_d13057